000
002670000a22000970004500
100
1
_a
Davis, Gene
245
1
0
_a
Sustaining a people group movement
300
_a
Vol. 12, Núm 1 (1995), Páginas 35-37
773
0
_t
International Journal of Frontier Misions
942
_c
ANA
999
_c
55334
_d
55334